MDQL
is popping MORE tags! Check the
thread
!
Quizzes
Events
Quiz Creation
Community
Videos
Private Events
Remove Ads
Sign In
Join for FREE
Feedback
Dark Mode
Quiz Categories
Sports
Geography
Music
Movies
Television
Just For Fun
Miscellaneous
History
Literature
Language
Science
Gaming
Entertainment
Religion
Holiday
For Kids
Quiz Lab
Recent
Popular Today
Quiz Kudos Today
Editor Picks
Curator Picks
Quizzes by...
Day
Popularity
Type
Ratings
Length
Year
Community
Subscriptions
Recent Discussions
Orange Saloon
Badges
Playlists
Quests
Create
Leaderboards
Showdown
Live 5
Trivia Bingo
Activity
Puzzle Library
Sporcle Events
Private Events
Virtual Trivia
Globe League
Become a Host
Pub Owners
SporcleCon
Opinionation
Our Games
Videos
Blog
Mobile Apps
Partnerships
Remove Ads and Go Orange
Feedback
Sports
Athletes
MLB
NBA
NHL
NFL
Soccer
Sports Teams
WWE
NCAA
Football
Premier League
Basketball
Baseball
Hockey
Golf
Tennis
Cricket
Rugby
Auto Racing
Olympics
World Cup
Sports
Athletes
MLB
NBA
NHL
NFL
Soccer
Sports Teams
WWE
NCAA
Football
Premier League
Basketball
Baseball
Hockey
Golf
Tennis
Cricket
Rugby
Auto Racing
Olympics
World Cup
Random Quiz
Search Sporcle
×
Quiz Lab
Quiz Lab
Sports
Player
Type in answers that appear in a list
Type in answers that appear in a list
Classic
Best Score? Go Orange.
Best seasons in Orioles history Stats
Can you name the Best seasons in Orioles history?
By
toomuchquiz
10m
114 Questions
106 Plays
106 Plays
106 Plays
Comments
Comments
Give Quiz Kudos
Give Quiz Kudos
-
- Ratings
hide this ad
More Info
Replay
Link that replays current quiz
Next Quiz
Link to next quiz in quiz playlist
You Got
0%
They Got
Avg Score
72%
Avg Friend Score
Upgrade to see
Score Distribution
Jump to the score distribution portion of the page
Score
0/114
Timer
10:00
0
Plays Today
Year, fWAR
Player
% Correct
1991, 10.6
Cal Ripken
99.1%
1984, 9.8
Cal Ripken
99.1%
1983, 8.5
Cal Ripken
99.1%
1986, 6.9
Cal Ripken
99.1%
1990, 6.2
Cal Ripken
99.1%
1989, 5.8
Cal Ripken
99.1%
1985, 5.4
Cal Ripken
99.1%
1988, 5
Cal Ripken
99.1%
1994, 4.6
Cal Ripken
99.1%
1982, 4.6
Cal Ripken
99.1%
1995, 4.1
Cal Ripken
99.1%
1966, 8.2
Frank Robinson
95.3%
1964, 8.1
Brooks Robinson
95.3%
1967, 7.6
Brooks Robinson
95.3%
1969, 7.3
Frank Robinson
95.3%
1968, 7.1
Brooks Robinson
95.3%
1962, 6.3
Brooks Robinson
95.3%
1971, 5.8
Brooks Robinson
95.3%
1967, 5.7
Frank Robinson
95.3%
1965, 5.2
Brooks Robinson
95.3%
1974, 5
Brooks Robinson
95.3%
1960, 4.9
Brooks Robinson
95.3%
1970, 4.7
Frank Robinson
95.3%
1966, 4.6
Brooks Robinson
95.3%
1961, 4.1
Brooks Robinson
95.3%
1969, 4.1
Brooks Robinson
95.3%
2013, 7
Chris Davis
91.5%
1984, 6.8
Eddie Murray
91.5%
1983, 6.8
Eddie Murray
91.5%
1982, 5.8
Eddie Murray
91.5%
2015, 5.6
Chris Davis
91.5%
1985, 5.5
Eddie Murray
91.5%
1979, 4.9
Eddie Murray
91.5%
1978, 4.3
Eddie Murray
91.5%
1980, 4.3
Eddie Murray
91.5%
1986, 4.1
Eddie Murray
91.5%
1987, 4.1
Eddie Murray
91.5%
2015, 6.8
Manny Machado
88.7%
Year, fWAR
Player
% Correct
2013, 6.2
Manny Machado
88.7%
2014, 5.5
Adam Jones
88.7%
2016, 5.2
Manny Machado
88.7%
2012, 4.3
Adam Jones
88.7%
2013, 4.2
Adam Jones
88.7%
1969, 6.4
Boog Powell
87.7%
1964, 6
Boog Powell
87.7%
1970, 5.7
Boog Powell
87.7%
1966, 4.3
Boog Powell
87.7%
1996, 6.9
Brady Anderson
84.9%
1992, 5.3
Brady Anderson
84.9%
1999, 5.2
Brady Anderson
84.9%
2004, 6
Miguel Tejada
84%
2006, 4.9
Miguel Tejada
84%
2005, 4.7
Miguel Tejada
84%
2008, 6
Nick Markakis
83%
2007, 4.1
Nick Markakis
83%
2005, 6.8
Brian Roberts
82.1%
2007, 4.9
Brian Roberts
82.1%
2008, 4.7
Brian Roberts
82.1%
1998, 6.9
Rafael Palmeiro
79.2%
2004, 6.2
Melvin Mora
79.2%
1995, 5.6
Rafael Palmeiro
79.2%
2003, 5
Melvin Mora
79.2%
1994, 4.6
Rafael Palmeiro
79.2%
1996, 4.5
Rafael Palmeiro
79.2%
2005, 4.2
Melvin Mora
79.2%
1993, 7
Chris Hoiles
74.5%
2011, 4.4
Matt Wieters
73.6%
1961, 8
Jim Gentile
67.9%
1969, 7.1
Paul Blair
67.9%
1967, 6.7
Paul Blair
67.9%
1976, 5.6
Mark Belanger
67.9%
1970, 5.4
Paul Blair
67.9%
1974, 4.6
Paul Blair
67.9%
1973, 4.4
Paul Blair
67.9%
1975, 4.3
Mark Belanger
67.9%
1971, 4.1
Mark Belanger
67.9%
Year, fWAR
Player
% Correct
1996, 5.2
Roberto Alomar
66%
2011, 4.4
J.J. Hardy
64.2%
1973, 7.8
Bobby Grich
63.2%
1975, 6.9
Bobby Grich
63.2%
1974, 6.8
Bobby Grich
63.2%
1976, 5.7
Bobby Grich
63.2%
1972, 5.4
Bobby Grich
63.2%
1979, 5.7
Ken Singleton
61.3%
1977, 5.6
Ken Singleton
61.3%
1975, 5.1
Ken Singleton
61.3%
1978, 4.5
Ken Singleton
61.3%
1980, 4.2
Ken Singleton
61.3%
1971, 4.3
Davey Johnson
56.6%
1976, 4.8
Reggie Jackson
53.8%
2004, 4.4
Javy Lopez
48.1%
1999, 4.6
B.J. Surhoff
46.2%
1982, 5.9
Gary Roenicke
44.3%
1979, 4.1
Gary Roenicke
44.3%
2014, 4.9
Steve Pearce
43.4%
1978, 6.6
Doug DeCinces
42.5%
1977, 4.2
Doug DeCinces
42.5%
1982, 4.1
John Lowenstein
42.5%
2006, 4.1
Ramon Hernandez
40.6%
1999, 4.4
Mike Bordick
39.6%
1992, 4.7
Mike Devereaux
36.8%
1991, 4.5
Mike Devereaux
36.8%
1980, 6.1
Al Bumbry
35.8%
1989, 4.4
Mickey Tettleton
25.5%
1971, 5.1
Don Buford
23.6%
1969, 4.7
Don Buford
23.6%
1968, 4.5
Don Buford
23.6%
1970, 4.3
Don Buford
23.6%
1964, 4.4
Luis Aparicio
20.8%
1971, 5.8
Merv Rettenmund
18.9%
1970, 4.8
Merv Rettenmund
18.9%
1965, 4.2
Curt Blefary
13.2%
1960, 4.5
Ron Hansen
7.5%
1956, 4.2
Bob Nieman
0%
Quiz Playlist
Details
Report
Send in Message
Add To Playlist
More Info:
One hundred and fourteen player-seasons have exceeded the 4 fWAR mark in Orioles history (since 1955). Name those players!
Classic:
Type in answers that appear in a list
Quiz Source
Last Updated: Feb 16, 2017
Quiz Scoreboard
CHALLENGE
Sign Up to Join the Scoreboard
Show All
Scores
Hide
Comments
May contain spoilers
Recently Published
Image Sorting: Flags VI
by Barbecue
Geography
2m
Find the 'City' Movie
by crazypaving
Movies
60s
Colored Red Africa Blitz
by spor1
Geography
45s
More to Explore
Quiz From the Vault
Featured Blog Post
14 Easter Pick-up Lines to Find Eggs With
hide this ad
You Might Also Like...
Tags
Baltimore Orioles
Player
season
Today's Top Quizzes in Sports
Browse Sports
hide this ad
Today's Top Quizzes in Player
Browse Player
Top Contributed Quizzes in Sports
1
Les meilleurs buteurs des matchs entre le PSG et l’OM
2
Les entraîneurs de l'OM et du PSG au 21e siècle
3
Les joueurs passés par le PSG et l'OM
4
2022 World Cup Stars
5
Players with Multiple 50 Home Run Seasons
6
Criteria MLB: Left Handed Sluggers
7
MLB Players with Two .350 Batting Average Seasons
8
Les joueurs passés par le LOSC et le RC Lens
9
NBA Logic Puzzle 2.0
10
Top 10 NHL Goal Scorers of All Time
Explore More
Trending Topics
Marvel
NBA
Anime
Crossword
Harry Potter
Disney
Kpop
Country
Song
Pokémon
The Office
NFL
WWE
Puzzle
Soccer
hide this ad
More By:
toomuchquiz
Quiz
Plays
Rating
Category
Featured
Created
Washington Capitals Assisters (Ovechkin Years)
892
4.50
Sports
May 29, 2018
Top Orioles Home Run Hitters All-Time
206
4.80
Sports
Aug 20, 2016
Orioles Home Run Hitters (2005-2016)
125
5.00
Sports
Aug 8, 2016
Orioles 15 win pitchers since 1955
113
5.00
Sports
Aug 11, 2016
Best seasons in Orioles history
106
5.00
Sports
Aug 9, 2016
Go to Creator's Profile
Score Distribution
Quiz Creator Spotlight
toomuchquiz
Follow
Send a Message
Quizzes Created
-
Created Quiz Play Count
-
More By This Creator
Popular Quizzes Today
1
Colored Red Africa Blitz
2
Find the US States - No Outlines Minefield
3
Find the 'City' Movie
4
5x2 Blitz: Bands
5
The Countries of the World
6
Find the US States
7
Find the Countries of Europe - No Outlines Minefield
8
US States
More Sports Quizzes
Soccer managers by nation part I
Quiz Lab
Trending Quizzes
Colored Red Europe Blitz I
Colored Red Europe Blitz II
Colored Red Africa Blitz II
Colored Red Europe Blitz III
Colored Red Africa Blitz III
Recently Updated
How Do You Spell That?
pecheneg
Godzilla Movies
pecheneg
Grab Bag: 4-10 Letters
pecheneg
2024 March Madness Bracket
pecheneg
Famous TV Couples
Peacemaker
Champions League XIs: Real Madrid
pecheneg
Largest US Cities 1790-2010
pecheneg
Rides in Walt Disney World
pecheneg
Most Oscar Losses (Acting)
pecheneg
Beyoncé Albums
pecheneg
Trending Topics
Crossword
Kpop
Marvel
Anime
NBA
Disney
Harry Potter
Song
Pokémon
WWE
Soccer
Country
The Office
NFL
Puzzle
Your Account Isn't Verified!
In order to create a playlist on Sporcle, you need to verify the email address you used during registration. Go to your
Sporcle Settings
to finish the process.
Report this User
Report this user for behavior that violates our
Community Guidelines
.
Details:
Send Report
Go to the Sporcle.com Mobile Site →
Comments